000 00434nam a22001817a 4500
003 MPLRDC
005 20220104162419.0
008 210129b ||||| |||| 00| 0 eng d
020 _a986-7755-70-7
082 _a494.3 JF
100 _a江风
245 _a让员工自己奔跑
_c
250 _a初版
260 _a台湾
_b乔木书房
_c2006
300 _b
650 _a企业管理--人事管理
942 _cBK
_o494.3 JF
999 _c55952
_d55942